Struts Design And Programming (Record no. 315658)

MARC details
000 -LEADER
fixed length control field 00410nam a2200157Ia 4500
008 - FIXED-LENGTH DATA ELEMENTS--GENERAL INFORMATION
fixed length control field 230718s9999 xx 000 0 und d
041 ## - LANGUAGE CODE
Language code of text/sound track or separate title eng
082 ## - DEWEY DECIMAL CLASSIFICATION NUMBER
Classification number 005.2'762
Item number KUR
100 ## - MAIN ENTRY--PERSONAL NAME
Personal name Kurniawan B.
9 (RLIN) 145852
245 ## - TITLE STATEMENT
Title Struts Design And Programming
Remainder of title A Tutorial
260 ## - PUBLICATION, DISTRIBUTION, ETC. (IMPRINT)
Date of publication, distribution, etc. 2006
Name of publisher, distributor, etc. Spd
300 ## - PHYSICAL DESCRIPTION
Extent 433
365 ## - TRADE PRICE
Currency code Rs.
Price amount 350.00
700 ## - ADDED ENTRY--PERSONAL NAME
Personal name Kurniawan B.
9 (RLIN) 145852
906 ## - LOCAL DATA ELEMENT F, LDF (RLIN)
d B:219112-Dec-2006
c IT
b 70
Holdings
Withdrawn status Lost status Damaged status Not for loan Home library Current library Date acquired Vendor Budget Code Cost, normal purchase price Bill number Total Checkouts Full call number Barcode Date last seen Discount Cost, replacement price Bill Date Koha item type Original Barcode
        Cummins College of Engineering for Women Pune Cummins College of Engineering for Women Pune 14/12/2006 Pradeep Book Distributors IT 280.00 2191   005.2'762 CCEP-BK-26865 18/07/2023 70 350.00 24/11/2006 Books 026865